|
|
|
|
| LEADER |
01007nam a22003012a 4500 |
| 001 |
000887348 |
| 003 |
CZ BrMZK |
| 005 |
20110520134728.0 |
| 007 |
ta |
| 008 |
080222s1991 xo a er|||||||||||slo d |
| 040 |
|
|
|a ABA001
|b cze
|c ABA001
|d ABA001
|
| 080 |
9 |
|
|a 33
|
| 080 |
9 |
|
|a 519.23
|
| 080 |
9 |
|
|a 31
|
| 100 |
1 |
|
|a Chajdiak, Jozef,
|d 1952-
|7 xx0016335
|4 aut
|
| 245 |
1 |
0 |
|a Ekonomicko-štatistické analýzy /
|c Jozef Chajdiak a kol.
|
| 250 |
|
|
|a 1. vyd.
|
| 260 |
|
|
|a Bratislava :
|b Vys. škola ekonom.,
|c 1991
|
| 300 |
|
|
|a 215 s. :
|b il.
|
| 490 |
1 |
|
|a Vysokoškolské skriptá
|
| 504 |
|
|
|a Obsahuje bibliografii
|
| 810 |
2 |
|
|a Vysoká škola ekonomická v Bratislave.
|t Vysokoškolské skriptá
|0 s
|
| 910 |
|
|
|a BOA001
|b 4-0968.550
|
| 964 |
|
|
|a Statistika ekonomická - analýza - učebnice - vysoké školy
|
| 964 |
|
|
|a Ekonomická analýza - učebnice - vysoké školy
|
| 990 |
|
|
|a BK
|
| 991 |
|
|
|b 200802
|
| 996 |
6 |
|
|b BC-556645
|c 4-0968.550
|l MZK
|r Sklad / do 1 hodiny
|n 0
|w 000887348
|u 000010
|a 1
|e BOA001
|j MZK50
|s P
|